Online
Catalog
Normal view MARC view

Entry Nombre geográfico

Number of records used in: 7

001 - NÚMERO DE CONTROL

  • campo de control: 9438

003 - IDENTIFICADOR DEL NÚMERO DE CONTROL

  • campo de control: OSt

005 - FECHA Y HORA DE LA ÚLTIMA TRANSACCIÓN

  • campo de control: 20200615032239.0

008 - DATOS DE LONGITUD FIJA

  • campo de control de longitud fija: 200615|| aca||aabn | a|a d

040 ## - FUENTE DE LA CATALOGACIÓN

  • Centro catalogador/agencia de origen: OSt
  • Centro/agencia transcriptor: OSt

151 ## - ENCABEZAMIENTO--NOMBRE GEOGRÁFICO

  • Nombre geográfico: AMÉRICA LATINA
  • Subdivisión general: POLÍTICA ECONÓMICA

670 ## - FUENTE DE DATOS ENCONTRADOS

  • Cita de la fuente: Work cat.: (OSt)2802: Pérez Minaya, Ramón 9437, El desarrollo y la opción neoliberal /, 1994.

Powered by Koha